| 000 | 02102cam a22005414i 4500 | ||
|---|---|---|---|
| 003 | PE-LiUPU | ||
| 005 | 20250731180119.0 | ||
| 008 | 150623s r 000 0 d | ||
| 020 | _a9586002705 | ||
| 035 | _a(Sirsi) i9789586002707 | ||
| 040 |
_aPE-LiUPU _bspa _cPE-LiUPU _erda |
||
| 049 | _aPRUA | ||
| 082 | 0 | 4 |
_a574.500 8 _bM _221 |
| 100 | 1 |
_aErickson, Jon, _eautor. |
|
| 245 | 1 | 4 |
_aLas tormentas : _bde las antiguas creencias a la moderna meteorología / _cJon Erickson. |
| 264 | 1 |
_aBogotá, Colombia : _bMcGraw-Hill Interamericana de España, _c1994. |
|
| 300 |
_a305 páginas : _bilustraciones fotos, gráficos ; _c21 centímetros |
||
| 336 |
_atext _2rdacontent |
||
| 337 |
_aunmediated _2rdamedia |
||
| 338 |
_avolume _2rdacarrier |
||
| 490 | 0 |
_aMcGraw-Hill de Divulgación Científica ; _v7 |
|
| 504 | _aIncluye bibliografía. | ||
| 505 | 0 | _aLa conexión solar. -¡Vaya gas! -Tiempo tormentoso. -Folklore meteorológico. -El clima voluble. -El invernadedor mundial. -El mundo de los volcanes. -Las oscilaciones polares. -Corrientes en el mar. -Meteorogía o no. -Elhombre, modificador del clima. -Grandes tormentas. -La meteorolgía del futuro. -Clima y hambre. -Invierno nuclear. Meteorología. | |
| 526 | _aSEG44 | ||
| 526 | _aSEG26 | ||
| 526 | _aP159 | ||
| 526 | _aP155 | ||
| 526 | _aP154 | ||
| 526 | _aP153 | ||
| 526 | _aP150 | ||
| 526 | _aP100 | ||
| 526 | _aP31 | ||
| 526 | _aP30 | ||
| 526 | _aP26 | ||
| 526 | _aP25 | ||
| 526 | _aP24 | ||
| 526 | _aP22 | ||
| 526 | _aP15 | ||
| 526 | _aP10 | ||
| 541 | _g002537; | ||
| 650 | 0 | 4 | _aCiclones. |
| 650 | 0 | 4 |
_aTempestades _xObra de divulgación. |
| 942 |
_2ddc _cBOOK |
||
| 949 |
_a574.500 8 M _wDEWEY _c1 _i51385 _lCCODEBUL1 _mBUL _p112.00 _r0 _sY _tBOOK _u2015-6-24 _xINGENIERIA _zUNKNOWN _0COMPRA _o.STAFF. Colección General |
||
| 994 |
_aC0 _bPEPRU |
||
| 596 | _a1 | ||
| 999 |
_a574.500 8 M _wDEWEY _c33103 _i51385 _f2021-11-5 _g7 _lCCODEBUL1 _mBUL _p112.00 _r0 _sN _tBOOK _u2015-6-24 _xBIBLIOTECA _zUNKNOWN _0COMPRA _o.STAFF. Colección General _d33103 |
||
| 980 |
_81 _gALBERTO SANCHEZ Responsable de Automatización |
||